Представление документа в формате RUSMARC

ПолеНазваниеЗначение
  Тип записи a
  Библиографический уровень m
001 Контрольный номер admiBOOK00011609
005 Дата корректировки 20140508173941.6
010 Индекс ISBN __
d Цена 0.35
100 Данные общей обработки __
a Данные общей обработки 19011210 |||y0 y0189 ca
101 Язык документа __
a Язык текста rus
105 Кодированные данные (монография) __
a Кодированные данные (монография) zy
200 Заглавие и сведения об ответственности 0_
a Заглавие Практикум по финансам отраслей народного хозяйства
e Сведения, относящиеся к заглавию Учебное пособие
f Первые сведения об ответственности Под ред. Д.С.Молякова
205 Сведения об издании __
a Основные сведения об издании 4-е изд., перераб. и доп.
210 Выходные данные __
a Место издания М
c Издательство Финансы и статистика
d Дата издания 1989
215 Физическое описание __
a Объем 140с.
606 Тематические рубрики __
a Основная рубрика Финансы
x Основная подрубрика Специальные и отраслевые экономики. Экономика межотраслевых комплексов
610 Ключевые слова __
a Ключевые слова Финансы
a Ключевые слова Финансы отраслей народного хозяйства
a Ключевые слова Финансы отрасли
686 Индексы других классификаций __
a Классификационный индекс 65.261
a Классификационный индекс 65.2/4
852 Данные о местонахождении __
c Местонахождение стеллажа 65.261
c Местонахождение стеллажа 65.2/4
j Шифр хранения 65.26
852 Данные о местонахождении __
b Сигла хранения ЧЗ_1
t Номер экземпляра 5
i Авторский знак П69
p Инвентарный номер 97348
p Инвентарный номер 97349
p Инвентарный номер 97350
p Инвентарный номер 97351
p Инвентарный номер 97352
901 Тип документа __
t Тип документа m
911 __
u 952a=Учебное пособие
938 Служебная информация __
a Название организации Саранский филиал
b Имя БД OUTPUT.MRC_Саранск
c Название АИБС АИБС Библиотека